| 000 | 01230nam a22002897a 4500 | ||
|---|---|---|---|
| 005 | 20240305165410.0 | ||
| 007 | cr|||| |||| | ||
| 008 | 130404e2012 mx |||||s|||| 00||0 spa d | ||
| 020 | _a978-607-406-400-1 | ||
| 035 | _a10980 | ||
| 040 | _avLex | ||
| 090 |
_c4114 _d4114 |
||
| 100 | 1 | 0 | _aDomínguez Orozco, Jaime |
| 245 | 1 | 0 |
_aEscuelas _bRégiminen Jurídico-Fiscal _c/ Jaime Domínguez Orozco, Cuauhtémoc Reséndiz Núnez _h[Recurso electrónico] |
| 256 | _aServicio en línea | ||
| 260 |
_aMéxico D.F. : _bEdiciones Fiscales ISEF, _c2012 |
||
| 300 | _a1 Recurso electrónico | ||
| 506 |
_aContenido solo disponible en los productos indicados _dvLex Global _dvLex Global (Academic Edition, excluding Law Schools) _dvLex Global (U.S. Academic Edition, Law Schools) _dvLex Global (U.S. Academic Edition, excluding Law Schools) _dvLex Global (Academic Edition, Law Schools) |
||
| 650 | 0 | 4 |
_aEscuelas _zMéxico |
| 650 | 0 | 4 |
_aDerecho tributario _zMéxico |
| 650 | 0 | 4 |
_aAdministración (Management) _zMéxico |
| 650 | 0 | 4 |
_aEnseñanza _zMéxico |
| 700 | 1 | 0 | _aReséndiz Núnez, Cuauhtémoc |
| 740 | _avLex Libros (Servicio en línea) | ||
| 856 |
_aAcceso restringido _uhttp://www.vlex.com/source/10980 |
||
| 942 | _cRAA | ||
| 999 |
_c162485 _d162485 |
||